| 000 | 00885nam a22001937a 4500 | ||
|---|---|---|---|
| 999 |
_c59236 _d59236 |
||
| 003 | Ge_BSU | ||
| 005 | 20221222120524.0 | ||
| 008 | 221222s1977ge xxu||||| |||| 00| 0 geo d | ||
| 041 | _ageo | ||
| 080 | _a821.111-6 + 821.111-84 ჩ-50 | ||
| 100 |
_aჩესტერფილდი, ავტ. _916522 |
||
| 245 |
_aწერილები ჩემს ვაჟს : მაქსიმები, ხასიათები / _cჩესტერფილდი ; [თარგმნა რ. ქებულაძემ]. |
||
| 264 |
_aთბილისი : _b ნაკადული, _c1977. |
||
| 300 |
_a415 გვ. ; _b21 სმ. |
||
| 653 | _aწერილები ჩემს ვაჟს : | ||
| 653 | _aმაქსიმები, ხასიათები | ||
| 700 |
_aქებულაძე, რ _eმთარგმნელი _916116 |
||
| 942 |
_2udc _cBK |
||